[Event "SWE-chT 1920 Superettan"]
[Site "Sweden"]
[Date "2019.10.19"]
[Round "2"]
[White "Svenn, Matti"]
[Black "Carlsson, Ludvig"]
[Result "1/2-1/2"]
[WhiteElo "2187"]
[BlackElo "2066"]
[PlyCount "129"]
[EventDate "2019.10.18"]
[EventType "team-tourn"]
[EventRounds "9"]
[EventCountry "SWE"]
[SourceTitle "EXT 2023"]
[Source "ChessBase"]
[SourceDate "2022.10.05"]
[SourceVersion "1"]
[SourceVersionDate "2022.10.05"]
[SourceQuality "1"]
[WhiteTeam "Kamraterna"]
[BlackTeam "Vasteras II"]
[WhiteTeamCountry "SWE"]
[BlackTeamCountry "SWE"]

1. e4 d6 2. d4 Nf6 3. Nc3 e5 4. Nf3 Nbd7 5. Bc4 Be7 6. 0-0 0-0 7. a4 a5 8. Re1 b6 9. Nd5 Bb7 10. c3 Nxd5 11. exd5 e4 12. Rxe4 Nf6 13. Re1 Bxd5 14. Bxd5 Nxd5 15. Qb3 Nf6 16. d5 Nd7 17. Nd4 Bf6 18. Nc6 Qc8 19. Be3 Ne5 20. Bd4 Nxc6 21. Bxf6 Nb8 22. Bd4 Qd7 23. Qc4 Ra7 24. Re3 c5 25. dxc6 Nxc6 26. Rd1 Nxd4 27. Qxd4 Rb7 28. Qxd6 Qxd6 29. Rxd6 b5 30. axb5 Rxb5 31. Re2 Rfb8 32. g3 g6 33. Ra6 Rxb2 34. Rxb2 Rxb2 35. Rxa5 Rc2 36. Rc5 h5 37. h4 Kg7 38. Kg2 Kf6 39. Kf3 Ke6 40. Ke3 Kd6 41. Rc8 Ke5 42. f3 Ke6 43. Kf4 Kf6 44. Rc6+ Kg7 45. Rc5 Rc1 46. g4 hxg4 47. fxg4 Rh1 48. h5 gxh5 49. gxh5 Kf6 50. Rc6+ Kg7 51. Rc5 Kf6 52. Ke4 Rh4+ 53. Kd3 Ke6 54. h6 Kd7 55. Rf5 Ke7 56. Re5+ Kd7 57. Rd5+ Kc7 58. Rf5 Rxh6 59. Rxf7+ Kc6 60. Kc4 Rh4+ 61. Kb3 Rg4 62. Rf6+ Kb5 63. Rf5+ Kb6 64. c4 Rg1 65. Rf6+ 1/2-1/2

[Event "SWE-chT 1718 Superettan"]
[Site "Sweden"]
[Date "2017.10.21"]
[Round "2.5"]
[White "Collett, Peter"]
[Black "Svenn, Matti"]
[Result "1/2-1/2"]
[WhiteElo "2189"]
[BlackElo "2170"]
[PlyCount "87"]
[EventDate "2017.10.20"]
[EventType "team-tourn"]
[EventRounds "9"]
[EventCountry "SWE"]
[SourceTitle "CBM 181 Extra"]
[Source "ChessBase"]
[SourceDate "2017.12.12"]
[SourceVersion "1"]
[SourceVersionDate "2017.12.12"]
[SourceQuality "1"]
[WhiteTeam "Wasa"]
[BlackTeam "Kamraterna"]
[WhiteTeamCountry "SWE"]
[BlackTeamCountry "SWE"]

1. d4 Nf6 2. c4 e6 3. Nc3 d5 4. cxd5 exd5 5. Bg5 Be7 6. Qc2 Nbd7 7. e3 0-0 8. Bd3 c5 9. Nge2 b6 10. 0-0 Bb7 11. Rad1 c4 12. Bf5 g6 13. Bh3 a6 14. f3 b5 15. a3 Bc6 16. Ng3 a5 17. e4 b4 18. exd5 Nxd5 19. Bxe7 Qxe7 20. Nxd5 Bxd5 21. Rfe1 Qd8 22. Bxd7 Qxd7 23. Ne4 Qc6 24. Nc5 Rfe8 25. axb4 axb4 26. Qd2 Qb5 27. Ra1 Rxa1 28. Rxa1 Ra8 29. Rxa8+ Bxa8 30. Qe2 Bc6 31. h4 c3 32. Qxb5 Bxb5 33. bxc3 bxc3 34. Kf2 c2 35. Nb3 Ba4 36. Nc1 Kg7 37. Ke3 Kf6 38. Kd2 Ke6 39. Nd3 Kd5 40. Kc3 Kd6 41. Kd2 Kd5 42. Kc3 Kd6 43. Kd2 Kd5 44. Kc3 1/2-1/2

[Event "SWE-chT2 1314"]
[Site "Sweden"]
[Date "2014.03.09"]
[Round "9"]
[White "Svenn, Matti"]
[Black "Holmquist, Gunnar"]
[Result "1/2-1/2"]
[WhiteElo "2184"]
[BlackElo "2077"]
[PlyCount "40"]
[EventDate "2013.11.22"]
[EventType "team-tourn"]
[EventRounds "9"]
[EventCountry "SWE"]
[SourceTitle "EXT 2015"]
[Source "ChessBase"]
[SourceDate "2014.11.20"]
[SourceVersion "1"]
[SourceVersionDate "2014.11.20"]
[SourceQuality "1"]
[WhiteTeam "Kamraterna"]
[BlackTeam "Kungstornet"]
[WhiteTeamCountry "SWE"]
[BlackTeamCountry "SWE"]

1. e4 e5 2. Nf3 Nc6 3. Bb5 a6 4. Ba4 Nf6 5. 0-0 Be7 6. Re1 b5 7. Bb3 0-0 8. h3 d6 9. c3 a5 10. d4 a4 11. Bc2 Bd7 12. d5 Na5 13. Nbd2 c6 14. Nf1 Nc4 15. Ne3 Nxe3 16. Bxe3 cxd5 17. exd5 Ne8 18. Nh2 Bg5 19. Qd2 Bxe3 20. Qxe3 Nf6 1/2-1/2

[Event "SWE-chT2 1314"]
[Site "Sweden"]
[Date "2014.03.07"]
[Round "7"]
[White "Hovhannisyan, Hrayr"]
[Black "Svenn, Matti"]
[Result "1-0"]
[WhiteElo "1934"]
[BlackElo "2184"]
[PlyCount "73"]
[EventDate "2013.11.22"]
[EventType "team-tourn"]
[EventRounds "9"]
[EventCountry "SWE"]
[SourceTitle "EXT 2015"]
[Source "ChessBase"]
[SourceDate "2014.11.20"]
[SourceVersion "1"]
[SourceVersionDate "2014.11.20"]
[SourceQuality "1"]
[WhiteTeam "Orebro"]
[BlackTeam "Kamraterna"]
[WhiteTeamCountry "SWE"]
[BlackTeamCountry "SWE"]

1. d4 Nf6 2. c4 g6 3. Nf3 Bg7 4. g3 0-0 5. Bg2 d5 6. cxd5 Nxd5 7. 0-0 Nb6 8. a4 a5 9. Nc3 Nc6 10. Bf4 Nb4 11. h3 c6 12. Na2 N6d5 13. Bd2 Bf5 14. Nc3 Nb6 15. Rc1 Be6 16. Ne4 Bd5 17. Bxb4 axb4 18. Nc5 Bxf3 19. Bxf3 Qxd4 20. Nxb7 Nxa4 21. Qxd4 Bxd4 22. Rc4 Bxb2 23. Rxb4 Rfc8 24. Rc4 Ra6 25. Rb1 Be5 26. Rbb4 Nc3 27. Rb3 Rc7 28. Nc5 Ra1+ 29. Kg2 Nd5 30. Nd3 Bd6 31. e4 e6 32. exd5 exd5 33. Rc2 Kf8 34. Rbc3 d4 35. Rxc6 Rxc6 36. Rxc6 Ke7 37. Rc4 1-0

[Event "SWE-chT 1112"]
[Site "Sweden"]
[Date "2012.01.15"]
[Round "4"]
[White "Svenn, Matti"]
[Black "Jepson, Christian"]
[Result "0-1"]
[WhiteElo "2224"]
[BlackElo "2392"]
[PlyCount "94"]
[EventDate "2011.10.07"]
[EventType "team-tourn"]
[EventRounds "9"]
[EventCountry "SWE"]
[SourceTitle "EXT 2013"]
[Source "ChessBase"]
[SourceDate "2012.11.22"]
[SourceVersion "1"]
[SourceVersionDate "2012.11.22"]
[SourceQuality "1"]
[WhiteTeam "Kamraterna"]
[BlackTeam "Limhamn"]
[WhiteTeamCountry "SWE"]
[BlackTeamCountry "SWE"]

1. e4 e5 2. Nf3 Nc6 3. Bb5 a6 4. Ba4 Nf6 5. 0-0 b5 6. Bb3 Bb7 7. d3 Be7 8. a4 b4 9. a5 0-0 10. Nbd2 d6 11. c3 Rb8 12. Nc4 d5 13. exd5 Nxd5 14. Bd2 bxc3 15. bxc3 Bf6 16. Qc2 Nf4 17. Bxf4 exf4 18. d4 Ne7 19. Nce5 c5 20. Rfd1 Qc7 21. Qa2 Ng6 22. Nxg6 hxg6 23. Bd5 cxd4 24. cxd4 Bxd5 25. Qxd5 Rb5 26. Qe4 Rd8 27. Rdc1 Qd7 28. Rc6 Bxd4 29. Nxd4 Rd5 30. Rc4 Rxd4 31. Rxd4 Qxd4 32. Qxd4 Rxd4 33. Kf1 g5 34. h3 f6 35. Ke2 Kf7 36. Ra2 Rd5 37. Kf3 Ke6 38. Kg4 g6 39. Re2+ Kf7 40. Ra2 Kg7 41. h4 gxh4 42. Kxh4 Rg5 43. Kh3 Re5 44. Kg4 g5 45. Kh5 Kf7 46. Kh6 Re1 47. Kh5 Rg1 0-1

[Event "SWE-chT 1112"]
[Site "Sweden"]
[Date "2011.10.08"]
[Round "2"]
[White "Svenn, Matti"]
[Black "De Verdier, Michael Carl Adam"]
[Result "1/2-1/2"]
[WhiteElo "2224"]
[BlackElo "2386"]
[PlyCount "38"]
[EventDate "2011.10.07"]
[EventType "team-tourn"]
[EventRounds "9"]
[EventCountry "SWE"]
[SourceTitle "EXT 2012"]
[Source "ChessBase"]
[SourceDate "2011.11.24"]
[SourceVersion "1"]
[SourceVersionDate "2011.11.24"]
[SourceQuality "1"]
[WhiteTeam "Kamraterna"]
[BlackTeam "Eksjo"]
[WhiteTeamCountry "SWE"]
[BlackTeamCountry "SWE"]

1. e4 e6 2. d4 d5 3. e5 c5 4. Nf3 Nc6 5. Bd3 Nxd4 6. Nxd4 cxd4 7. 0-0 Ne7 8. Re1 Nc6 9. Qg4 Nb4 10. Nd2 Qc7 11. Nb3 Nxc2 12. Bxc2 Qxc2 13. Nxd4 Qg6 14. Qe2 Bd7 15. Bd2 Bc5 16. Nb3 Bb6 17. Bb4 Bc6 18. Rad1 d4 19. g3 d3 1/2-1/2

[Event "SWE-chT 1011"]
[Site "Sweden"]
[Date "2010.10.08"]
[Round "1"]
[White "Svensson, Mans"]
[Black "Svenn, Matti"]
[Result "0-1"]
[WhiteElo "2192"]
[BlackElo "2214"]
[PlyCount "122"]
[EventDate "2010.10.08"]
[EventType "team-tourn"]
[EventRounds "11"]
[EventCountry "SWE"]
[SourceTitle "CBM 138 Extra"]
[Source "ChessBase"]
[SourceDate "2010.10.29"]
[SourceVersion "1"]
[SourceVersionDate "2010.10.29"]
[SourceQuality "1"]
[WhiteTeam "Upsala"]
[BlackTeam "Kamraterna"]
[WhiteTeamCountry "SWE"]
[BlackTeamCountry "SWE"]

1. d4 d5 2. c4 e6 3. Nc3 Be7 4. Nf3 Nf6 5. Qc2 0-0 6. Bg5 b6 7. Rd1 h6 8. Bxf6 Bxf6 9. e4 dxe4 10. Qxe4 c6 11. Bd3 g6 12. h4 Bg7 13. Ne5 Qc7 14. 0-0 Nd7 15. Rfe1 f5 16. Qe3 Nxe5 17. dxe5 Bb7 18. c5 Qe7 19. Bc4 Rae8 20. cxb6 Qxh4 21. Rd4 f4 22. Qh3 Qxh3 23. gxh3 axb6 24. Rd6 Kf7 25. Na4 b5 26. Nc5 bxc4 27. Nxb7 Rb8 28. Rd7+ Kg8 29. Re4 f3 30. Rxc4 Bxe5 31. b4 Rf7 32. Nc5 Ra8 33. a4 Rxd7 34. Nxd7 Bd6 35. a5 Rd8 36. Nf6+ Kf7 37. Ne4 Bb8 38. Ng3 Rd1+ 39. Kh2 Rd2 40. Kg1 Ba7 41. Rf4+ Ke7 42. Rxf3 Rb2 43. Kg2 Rxb4 44. Rc3 Kd6 45. Kf3 Kd5 46. Rd3+ Rd4 47. Rb3 Ra4 48. Ne2 Rxa5 49. Nf4+ Kc4 50. Rb7 Ra3+ 51. Kg2 Ra2 52. Nxe6 Bxf2 53. Kf3 Bd4 54. h4 Rf2+ 55. Kg4 Rf6 56. Nd8 c5 57. Nf7 Kd3 58. Nxh6 c4 59. Rc7 c3 60. Kg5 c2 61. Ng4 Rd6 0-1

[Event "SWE-chT 0809"]
[Site "Sweden"]
[Date "2009.03.14"]
[Round "10"]
[White "Svenn, Matti"]
[Black "Johansson, Carl Fredrik"]
[Result "0-1"]
[WhiteElo "2260"]
[BlackElo "2219"]
[PlyCount "72"]
[EventDate "2008.10.25"]
[EventType "team-tourn"]
[EventRounds "11"]
[EventCountry "SWE"]
[SourceTitle "EXT 2011"]
[Source "ChessBase"]
[SourceDate "2010.11.26"]
[SourceVersion "1"]
[SourceVersionDate "2010.11.26"]
[SourceQuality "1"]

1. e4 c5 2. Nf3 d6 3. d4 cxd4 4. Nxd4 Nf6 5. Nc3 g6 6. Be2 Bg7 7. 0-0 0-0 8. Bg5 Nc6 9. Nb3 Be6 10. Kh1 h6 11. Bh4 a5 12. a4 Qc8 13. f4 Nb4 14. Bf3 Re8 15. Rf2 Ng4 16. Re2 Bxc3 17. bxc3 Qxc3 18. Be1 Qf6 19. g3 Rec8 20. Nd4 Bd7 21. h3 Ne5 22. fxe5 dxe5 23. Nf5 Bc6 24. Nxh6+ Kg7 25. Rf2 Kxh6 26. Qc1+ Kg7 27. Qe3 Qe6 28. Kg1 Qc4 29. Bc3 f6 30. Re1 Bxa4 31. Bd2 Rh8 32. Be2 Qc8 33. Bg4 Bd7 34. Bxd7 Qxd7 35. Bxb4 axb4 36. g4 Ra3 0-1

[Event "SWE-chT 0809"]
[Site "Sweden"]
[Date "2008.12.07"]
[Round "5"]
[White "Svenn, Matti"]
[Black "Hedin, Gunnar"]
[Result "1-0"]
[WhiteElo "2260"]
[BlackElo "2175"]
[PlyCount "85"]
[EventDate "2008.10.25"]
[EventType "team-tourn"]
[EventRounds "11"]
[EventCountry "SWE"]
[SourceTitle "EXT 2011"]
[Source "ChessBase"]
[SourceDate "2010.11.26"]
[SourceVersion "1"]
[SourceVersionDate "2010.11.26"]
[SourceQuality "1"]

1. e4 e6 2. d4 d5 3. Nc3 Nf6 4. e5 Nfd7 5. f4 c5 6. Nf3 Nc6 7. Be3 a6 8. dxc5 Bxc5 9. Qd2 Be7 10. Nd4 0-0 11. 0-0-0 Nc5 12. Kb1 Qc7 13. Qf2 Nxd4 14. Bxd4 g6 15. g4 f5 16. gxf5 Rxf5 17. h4 Bd7 18. Bh3 Rf7 19. h5 g5 20. f5 Ne4 21. Nxe4 dxe4 22. f6 Bf8 23. Qe3 Bh6 24. Rhg1 Kh8 25. Bg2 Bc6 26. Bxe4 Bxe4 27. Qxe4 Rd8 28. Bc3 Rfd7 29. Rxd7 Qxd7 30. b3 Bf8 31. Kb2 Qc7 32. Rg4 b5 33. Rxg5 Rc8 34. Rg3 b4 35. Bd4 Bh6 36. Rg2 Qa5 37. Be3 Bxe3 38. Qxe3 Qc5 39. Qxc5 Rxc5 40. Rg5 h6 41. Rg6 Kh7 42. f7 Rc8 43. Rxe6 1-0

[Event "SWE-chT 0809"]
[Site "Sweden"]
[Date "2008.12.05"]
[Round "3"]
[White "Svenn, Matti"]
[Black "Bator, Robert"]
[Result "1/2-1/2"]
[WhiteElo "2260"]
[BlackElo "2455"]
[PlyCount "137"]
[EventDate "2008.10.25"]
[EventType "team-tourn"]
[EventRounds "11"]
[EventCountry "SWE"]
[SourceTitle "EXT 2011"]
[Source "ChessBase"]
[SourceDate "2010.11.26"]
[SourceVersion "1"]
[SourceVersionDate "2010.11.26"]
[SourceQuality "1"]

1. e4 c5 2. Nf3 Nc6 3. d4 cxd4 4. Nxd4 e5 5. Nb5 d6 6. c4 Be7 7. N1c3 a6 8. Na3 Be6 9. Nc2 Bg5 10. Bxg5 Qxg5 11. Ne3 Nd4 12. Ne2 Nxe2 13. Bxe2 Qd8 14. 0-0 Nf6 15. Qd3 Qb6 16. b3 0-0 17. Rad1 Rfd8 18. Kh1 Qc6 19. Nd5 Bxd5 20. exd5 Qc5 21. Qf5 Re8 22. Rd3 Qc8 23. Qg5 Qd8 24. Rg3 g6 25. Rh3 Nd7 26. Qh6 Nf8 27. f4 exf4 28. Bd3 Qf6 29. Rhf3 Re7 30. Rxf4 Qc3 31. R4f3 Qd4 32. Qg5 Rae8 33. Qf6 Qxf6 34. Rxf6 Rd7 35. Kg1 h5 36. R6f2 Re3 37. Rf3 Re5 38. Kf2 Rde7 39. Rf6 Rd7 40. Re1 Rxe1 41. Kxe1 Kg7 42. Rf2 Re7+ 43. Kd2 f5 44. Rf1 Kf6 45. Kc3 Nd7 46. b4 Re5 47. Kd4 b6 48. g3 Re8 49. Rf2 Re1 50. Re2 Rxe2 51. Bxe2 a5 52. a3 axb4 53. axb4 Ke7 54. Bd1 Nf6 55. c5 bxc5+ 56. bxc5 dxc5+ 57. Kxc5 Ne4+ 58. Kc6 Nd6 59. Be2 Nf7 60. Kc7 Nd6 61. h4 Ne8+ 62. Kc6 Nd6 63. Bd3 Nf7 64. Bb5 Nd6 65. Ba4 Ne8 66. Bb5 Nd6 67. Ba6 Nf7 68. Bc8 Nd6 69. Be6 1/2-1/2

[Event "SWE-chT 0708"]
[Site "Sweden"]
[Date "2008.03.09"]
[Round "11"]
[White "Von Bahr, Oskar"]
[Black "Svenn, Matti"]
[Result "1-0"]
[WhiteElo "2388"]
[BlackElo "2246"]
[PlyCount "121"]
[EventDate "2007.10.19"]
[EventType "team-tourn"]
[EventRounds "11"]
[EventCountry "SWE"]
[SourceTitle "EXT 2009"]
[Source "ChessBase"]
[SourceDate "2008.11.26"]
[SourceVersion "1"]
[SourceVersionDate "2008.11.26"]
[SourceQuality "1"]
[WhiteTeam "Wasa"]
[BlackTeam "Kamraterna"]
[WhiteTeamCountry "SWE"]
[BlackTeamCountry "SWE"]

1. e4 e5 2. Nf3 Nc6 3. Bb5 a6 4. Ba4 Nf6 5. 0-0 Be7 6. Re1 b5 7. Bb3 d6 8. c3 0-0 9. h3 Na5 10. Bc2 c5 11. d3 Qc7 12. Nbd2 Nc6 13. Nf1 d5 14. Ng3 dxe4 15. dxe4 Re8 16. Nh2 Be6 17. Qf3 Rad8 18. Nf5 Bxf5 19. Qxf5 Qc8 20. Qf3 c4 21. Nf1 Bc5 22. Bg5 Re6 23. Ng3 h6 24. Bc1 Ne7 25. Re2 Red6 26. Kh2 Bb6 27. Nf1 Nd7 28. g4 Nc5 29. h4 Nd3 30. g5 Nxc1 31. Rxc1 hxg5 32. hxg5 Ng6 33. Ng3 Rd2 34. Nf5 Qd7 35. Ne3 Rxe2 36. Qxe2 Qd2 37. Qxd2 Rxd2 38. Kg3 Nf4 39. Kf3 Bxe3 40. Kxe3 Re2+ 41. Kf3 Kh7 42. a4 Kg6 43. axb5 axb5 44. b3 Kxg5 45. bxc4 bxc4 46. Ba4 Rb2 47. Ke3 Nd3 48. Rc2 Rb6 49. Be8 Kf6 50. Ra2 Ke7 51. Ba4 g6 52. Bc2 Nc5 53. Bd1 Rb1 54. Bc2 Rb7 55. Bd1 f5 56. exf5 gxf5 57. f4 Ne4 58. Ra5 Nxc3 59. Rxe5+ Kf6 60. Bc2 Ne4 61. Rxf5+ 1-0

[Event "SWE-chT 0708"]
[Site "Sweden"]
[Date "2008.03.07"]
[Round "9"]
[White "Svenn, Matti"]
[Black "Burwick, Malte"]
[Result "0-1"]
[WhiteElo "2246"]
[BlackElo "2285"]
[PlyCount "96"]
[EventDate "2007.10.19"]
[EventType "team-tourn"]
[EventRounds "11"]
[EventCountry "SWE"]
[SourceTitle "EXT 2009"]
[Source "ChessBase"]
[SourceDate "2008.11.26"]
[SourceVersion "1"]
[SourceVersionDate "2008.11.26"]
[SourceQuality "1"]
[WhiteTeam "Kamraterna"]
[BlackTeam "Upsala"]
[WhiteTeamCountry "SWE"]
[BlackTeamCountry "SWE"]

1. e4 g6 2. d4 Bg7 3. Nc3 d6 4. Bg5 a6 5. Qd2 Nd7 6. Nf3 b5 7. a4 b4 8. Nd5 a5 9. c3 c6 10. Ne3 bxc3 11. bxc3 Ngf6 12. Qc2 Qc7 13. Bd3 0-0 14. 0-0 e5 15. Rab1 Re8 16. h3 Ba6 17. Bxa6 Rxa6 18. dxe5 dxe5 19. Nc4 Nc5 20. Nfd2 Nfd7 21. Rb2 Raa8 22. Rfb1 Rab8 23. Rxb8 Rxb8 24. Be7 Rxb1+ 25. Qxb1 Bf8 26. Bxf8 Kxf8 27. Qa2 Kg7 28. Qa3 Qa7 29. Qa2 Nd3 30. Nb3 N7c5 31. Nxc5 Qxc5 32. g3 Nc1 33. Qc2 Qxc4 34. Qxc1 Qxa4 35. Qe3 Qc4 36. h4 h5 37. g4 hxg4 38. h5 a4 39. hxg6 Kxg6 40. f4 exf4 41. Qxf4 Qc5+ 42. Kh2 Qg5 43. Qb8 Qh4+ 44. Kg1 Qe1+ 45. Kh2 Qf2+ 46. Kh1 g3 47. Qg8+ Kh5 48. Qh8+ Kg4 0-1

[Event "SWE-chT 0708"]
[Site "Sweden"]
[Date "2008.02.23"]
[Round "8"]
[White "Svenn, Matti"]
[Black "Gajic, Mladen"]
[Result "1-0"]
[WhiteElo "2246"]
[BlackElo "2220"]
[PlyCount "53"]
[EventDate "2007.10.19"]
[EventType "team-tourn"]
[EventRounds "11"]
[EventCountry "SWE"]
[SourceTitle "EXT 2009"]
[Source "ChessBase"]
[SourceDate "2008.11.26"]
[SourceVersion "1"]
[SourceVersionDate "2008.11.26"]
[SourceQuality "1"]
[WhiteTeam "Kamraterna"]
[BlackTeam "Lund"]
[WhiteTeamCountry "SWE"]
[BlackTeamCountry "SWE"]

1. e4 e6 2. d4 d5 3. e5 c5 4. Nf3 cxd4 5. Bd3 Bb4+ 6. Nbd2 Nc6 7. 0-0 Nge7 8. a3 Ba5 9. Nb3 Bc7 10. Re1 Ng6 11. Bg5 f6 12. exf6 gxf6 13. Bh6 Kf7 14. Nfxd4 e5 15. Nb5 Bb8 16. Qh5 a6 17. Nc3 Ba7 18. Rad1 Be6 19. Bf5 Bxf5 20. Qxf5 Nce7 21. Qf3 e4 22. Qh5 f5 23. Nxd5 Qc8 24. Nxe7 Kxe7 25. Bg7 Qxc2 26. Qxf5 e3 27. Rd7+ 1-0

[Event "SWE-chT 0708"]
[Site "Sweden"]
[Date "2008.02.02"]
[Round "7"]
[White "Svenn, Matti"]
[Black "Nyman, Viktor"]
[Result "1-0"]
[WhiteElo "2246"]
[BlackElo "1987"]
[PlyCount "73"]
[EventDate "2007.10.19"]
[EventType "team-tourn"]
[EventRounds "11"]
[EventCountry "SWE"]
[SourceTitle "EXT 2009"]
[Source "ChessBase"]
[SourceDate "2008.11.26"]
[SourceVersion "1"]
[SourceVersionDate "2008.11.26"]
[SourceQuality "1"]
[WhiteTeam "Kamraterna"]
[BlackTeam "Skara"]
[WhiteTeamCountry "SWE"]
[BlackTeamCountry "SWE"]

1. e4 e5 2. Nf3 Nc6 3. Bb5 a6 4. Ba4 Nf6 5. 0-0 b5 6. Bb3 Be7 7. Re1 d6 8. c3 Na5 9. Bc2 0-0 10. h3 c5 11. d4 cxd4 12. cxd4 Nc6 13. Nc3 Bb7 14. Be3 Nd7 15. Nd5 Na5 16. Nxe7+ Qxe7 17. b3 Rac8 18. d5 Ba8 19. Qd2 Nb7 20. b4 Qd8 21. a4 bxa4 22. Bxa4 Nb6 23. Bb3 a5 24. bxa5 Nc4 25. Bxc4 Rxc4 26. Qd3 Rc8 27. a6 Nc5 28. Bxc5 Rxc5 29. Rec1 Qc7 30. Qe3 Rc8 31. Rxc5 dxc5 32. Qc3 f5 33. Nxe5 fxe4 34. Rd1 Rd8 35. d6 Qa7 36. Qc4+ Kf8 37. d7 1-0

[Event "SWE-chT 0708"]
[Site "Sweden"]
[Date "2007.11.18"]
[Round "5"]
[White "Eklund, Joel"]
[Black "Svenn, Matti"]
[Result "0-1"]
[WhiteElo "2161"]
[BlackElo "2236"]
[PlyCount "60"]
[EventDate "2007.10.19"]
[EventType "team-tourn"]
[EventRounds "11"]
[EventCountry "SWE"]
[SourceTitle "EXT 2009"]
[Source "ChessBase"]
[SourceDate "2008.11.26"]
[SourceVersion "1"]
[SourceVersionDate "2008.11.26"]
[SourceQuality "1"]
[WhiteTeam "Limhamn"]
[BlackTeam "Kamraterna"]
[WhiteTeamCountry "SWE"]
[BlackTeamCountry "SWE"]

1. d4 d5 2. Bg5 Nf6 3. Bxf6 gxf6 4. c4 dxc4 5. e3 e6 6. Bxc4 c5 7. Ne2 cxd4 8. exd4 Bg7 9. 0-0 0-0 10. Nbc3 Nd7 11. Nf4 f5 12. d5 Qc7 13. dxe6 Nb6 14. exf7+ Kh8 15. Qf3 Be5 16. Ne6 Qxc4 17. Nxf8 Qxf7 18. Rfe1 Bg7 19. Rad1 Bxf8 20. Ne4 Bd7 21. Ng5 Qg6 22. Qf4 h6 23. Nf3 Bc6 24. g3 Bxf3 25. Qxf3 Bg7 26. Re7 Rf8 27. Qxb7 f4 28. Qxa7 fxg3 29. hxg3 Qf6 30. Rd2 Nc8 0-1

[Event "SWE-chT 0506"]
[Site "Sweden"]
[Date "2006.??.??"]
[Round "7"]
[White "Marklund, Niklas"]
[Black "Svenn, Matti"]
[Result "1-0"]
[WhiteElo "2267"]
[BlackElo "2290"]
[PlyCount "119"]
[EventDate "2005.10.??"]
[EventType "team-tourn"]
[EventRounds "11"]
[EventCountry "SWE"]
[SourceTitle "EXT 2008"]
[Source "ChessBase"]
[SourceDate "2007.11.25"]
[SourceVersion "1"]
[SourceVersionDate "2007.11.25"]
[SourceQuality "1"]
[WhiteTeam "Lulea"]
[BlackTeam "Kamraterna"]
[WhiteTeamCountry "SWE"]
[BlackTeamCountry "SWE"]

1. d4 Nf6 2. c4 e6 3. Nf3 Bb4+ 4. Nbd2 0-0 5. a3 Bxd2+ 6. Bxd2 d6 7. g3 Re8 8. Bg2 e5 9. dxe5 dxe5 10. Bc3 Qxd1+ 11. Rxd1 Nc6 12. Ng5 Bf5 13. b4 h6 14. Nf3 Ne4 15. Bb2 Nd6 16. Nd2 a5 17. c5 Nb5 18. a4 Nbd4 19. b5 Nb4 20. Bxb7 Rad8 21. f3 Bc2 22. Ra1 Bd3 23. Bxd4 exd4 24. Ne4 Nc2+ 25. Kd2 Bxe4 26. Bxe4 Nxa1 27. Rxa1 Kf8 28. Rc1 Re6 29. Rc4 g6 30. g4 Re5 31. Bb7 Re6 32. b6 c6 33. Ke1 Ke7 34. Ba6 Re3 35. Kf2 Rb3 36. Bb7 Rb4 37. Rxb4 axb4 38. Bxc6 d3 39. exd3 b3 40. d4 Rxd4 41. b7 Rb4 42. Bb5 Rxb5 43. axb5 b2 44. b8Q b1Q 45. Qe5+ Kf8 46. Qe2 Qb4 47. c6 Qc5+ 48. Kg2 h5 49. h3 h4 50. Qd3 g5 51. Kf1 Qc1+ 52. Ke2 Kg7 53. Qd5 Qc2+ 54. Ke3 f6 55. Kd4 Kh6 56. Qf5 Qb2+ 57. Kc5 Qf2+ 58. Kd6 Qh2+ 59. Kd7 Qd2+ 60. Kc7 1-0

[Event "SWE-chT 0506"]
[Site "Sweden"]
[Date "2005.??.??"]
[Round "1"]
[White "Olsson, Anders"]
[Black "Svenn, Matti"]
[Result "1/2-1/2"]
[WhiteElo "2490"]
[BlackElo "2307"]
[PlyCount "65"]
[EventDate "2005.10.??"]
[EventType "team-tourn"]
[EventRounds "11"]
[EventCountry "SWE"]
[SourceTitle "EXT 2008"]
[Source "ChessBase"]
[SourceDate "2007.11.25"]
[SourceVersion "1"]
[SourceVersionDate "2007.11.25"]
[SourceQuality "1"]
[WhiteTeam "Stockholm Rockaden"]
[BlackTeam "Kamraterna"]
[WhiteTeamCountry "SWE"]
[BlackTeamCountry "SWE"]

1. e4 c5 2. Nf3 d6 3. d4 cxd4 4. Nxd4 Nf6 5. Nc3 a6 6. g3 e5 7. Nde2 Be7 8. a4 Be6 9. Bg2 Nbd7 10. h3 0-0 11. g4 Nc5 12. Ng3 b5 13. axb5 axb5 14. Rxa8 Qxa8 15. 0-0 b4 16. Nf5 Qd8 17. Nd5 Nxd5 18. exd5 Bxf5 19. gxf5 Bg5 20. f4 exf4 21. Bxf4 Re8 22. Qg4 Bxf4 23. Rxf4 Re1+ 24. Kh2 b3 25. cxb3 f6 26. Qg3 Qe7 27. b4 Re3 28. Rf3 Rxf3 29. Qxf3 Na4 30. b3 Nb6 31. Qe4 Qxe4 32. Bxe4 Kf8 33. Kg3 1/2-1/2

[Event "SWE-chT 0506"]
[Site "Sweden"]
[Date "2005.??.??"]
[Round "3"]
[White "Welin, Thomas"]
[Black "Svenn, Matti"]
[Result "1-0"]
[WhiteElo "2370"]
[BlackElo "2307"]
[PlyCount "93"]
[EventDate "2005.10.??"]
[EventType "team-tourn"]
[EventRounds "11"]
[EventCountry "SWE"]
[SourceTitle "EXT 2008"]
[Source "ChessBase"]
[SourceDate "2007.11.25"]
[SourceVersion "1"]
[SourceVersionDate "2007.11.25"]
[SourceQuality "1"]
[WhiteTeam "Sodra"]
[BlackTeam "Kamraterna"]
[WhiteTeamCountry "SWE"]
[BlackTeamCountry "SWE"]

1. c4 e5 2. Nc3 Nc6 3. Nf3 Nf6 4. g3 g6 5. d4 exd4 6. Nxd4 Bg7 7. Nxc6 bxc6 8. Bg2 0-0 9. 0-0 Bb7 10. Qa4 Qc8 11. c5 Nd5 12. Nd1 Ba6 13. Re1 Rb8 14. Rb1 Re8 15. Bf3 Rb4 16. Qa3 Rc4 17. Ne3 Nxe3 18. Bxe3 Rc2 19. Qb3 Rc4 20. Rbc1 Rxc1 21. Rxc1 Qb8 22. Qxb8 Rxb8 23. b3 Kf8 24. Bf4 Rb7 25. g4 Ke8 26. g5 Bf8 27. Kg2 Rb5 28. Be3 Rb4 29. Kg3 Bb7 30. Bd2 Rb5 31. b4 Bc8 32. Rc4 Rb8 33. Rh4 a5 34. a3 axb4 35. axb4 d5 36. Rxh7 Ra8 37. Bc3 Be6 38. Rh8 Rc8 39. Bf6 Kd7 40. h4 Re8 41. Kf4 Rb8 42. Kg3 Re8 43. h5 gxh5 44. Bxh5 Be7 45. Rxe8 Kxe8 46. Bxe7 Kxe7 47. Bg4 1-0

[Event "SWE-chT 0405"]
[Site "Sweden"]
[Date "2004.??.??"]
[Round "1"]
[White "Brontz, Alexander"]
[Black "Svenn, Matti"]
[Result "1-0"]
[WhiteElo "2188"]
[BlackElo "2287"]
[PlyCount "107"]
[EventDate "2004.11.05"]
[EventType "team-tourn"]
[EventRounds "11"]
[EventCountry "SWE"]
[SourceTitle "EXT 2006"]
[Source "ChessBase"]
[SourceDate "2005.11.24"]
[SourceVersion "1"]
[SourceVersionDate "2005.11.24"]
[SourceQuality "1"]
[WhiteTeam "Farsta"]
[BlackTeam "Kamraterna"]
[WhiteTeamCountry "SWE"]
[BlackTeamCountry "SWE"]

1. d4 d5 2. c4 Nc6 3. Nc3 dxc4 4. e3 e5 5. d5 Nb8 6. e4 Nf6 7. Bxc4 Bc5 8. Nf3 0-0 9. Bg5 h6 10. Bh4 Bg4 11. h3 Bxf3 12. Qxf3 Nbd7 13. g4 a6 14. 0-0-0 b5 15. Bb3 Be7 16. Bg3 b4 17. Nb1 Nc5 18. Nd2 Nfd7 19. Bc4 Bd6 20. h4 g6 21. Qe3 Kg7 22. Rdf1 Qe7 23. Be2 Nb6 24. f4 exf4 25. Bxf4 Bxf4 26. Rxf4 Qe5 27. Rhf1 Nca4 28. Qb3 a5 29. Bb5 Nc5 30. Qe3 Nca4 31. Bxa4 Nxa4 32. Nc4 Qe7 33. Qd4+ Kg8 34. Rf6 Qc5 35. Qd3 Nb6 36. Rc6 Qb5 37. Qd4 Nxc4 38. Qxc4 Qxc4+ 39. Rxc4 Rae8 40. Rf6 Re7 41. Kd2 Rfe8 42. Kd3 Kg7 43. Rfc6 f5 44. gxf5 gxf5 45. exf5 Re3+ 46. Kd4 R8e4+ 47. Kc5 Rxc4+ 48. Kxc4 Re4+ 49. Kc5 Rxh4 50. Rxc7+ Kf6 51. d6 Rh2 52. d7 Rd2 53. Kc6 h5 54. Rc8 1-0